Statistics for NFL QB Single-Season Rushing Leaders by Team

Click here to take the quiz!

General Stats

  • This quiz has been taken 79 times
  • The average score is 19 of 32

Answer Stats

TeamYearRush YardsName% Correct
Buffalo Bills2021763Josh Allen
99%
Arizona Cardinals2020819Kyler Murray
99%
Baltimore Ravens20191,206Lamar Jackson
97%
Carolina Panthers2017754Cam Newton
96%
Chicago Bears20221,143Justin Fields
96%
Dallas Cowboys2017357Dak Prescott
94%
Altanta Falcons20061,039Michael Vick
94%
Seattle Seahawks2014849Russell Wilson
90%
Houston Texans2018551Deshaun Watson
87%
Los Angeles Chargers2021302Justin Herbert
87%
New York Giants2022708Daniel Jones
85%
Kansas City Chiefs2015498Alex Smith
83%
San Francisco 49ers2014639Colin Kaepernick
77%
Washington Commanders2012815Robert Griffin III
76%
New England Patriots2020592Cam Newton
75%
New Orleans Saints2020457Taysom Hill
70%
Minnesota Vikings2002609Daunte Culpepper
65%
Denver Broncos2011660Tim Tebow
65%
Philadelphia Eagles1990945Randall Cunningham
59%
Tennessee Titans1997674Steve McNair
56%
Jacksonville Jaguars1995480Mark Brunell
55%
Cleveland Browns2017419DeShone Kizer
49%
Pittsburgh Steelers2001537Kordell Stewart
39%
Las Vegas Raiders2013576Terrelle Pryor
30%
Tampa Bay Buccaneers1986425Steve Young
18%
Detroit Lions1971530Greg Landry
14%
Miami Dolphins2001321Jay Fiedler
14%
Cincinnati Bengals1999332Jeff Blake
10%
Los Angeles Rams1996212Tony Banks
10%
Green Bay Packers1951523Tobin Rote
6%
Indianapolis Colts1983441Mike Pagel
3%
New York Jets1960453Al Dorow
0%

Score Distribution

Percentile by Number Answered

Percent of People with Each Score

Your Score History

You have not taken this quiz